Unicorn Riders ; Willow's Challenge (Record no. 325541)
[ view plain ]
| 000 -LEADER | |
|---|---|
| fixed length control field | 00356 a2200133 4500 |
| 001 - CONTROL NUMBER | |
| control field | 90468 |
| 003 - CONTROL NUMBER IDENTIFIER | |
| control field | NUST |
| 082 ## - DEWEY DECIMAL CLASSIFICATION NUMBER | |
| Classification number | 809.89282 DAR |
| 100 ## - MAIN ENTRY--PERSONAL NAME | |
| Personal name | Darlison Aleesah |
| 9 (RLIN) | 9848 |
| 245 ## - TITLE STATEMENT | |
| Title | Unicorn Riders ; Willow's Challenge |
| Medium | English |
| Statement of responsibility, etc. | Allesah Darlison |
| 260 ## - PUBLICATION, DISTRIBUTION, ETC. | |
| Place of publication, distribution, etc. | London |
| Name of publisher, distributor, etc. | Walker Books |
| Date of publication, distribution, etc. | 2011 |
| 300 ## - PHYSICAL DESCRIPTION | |
| Extent | 126p. |
| 500 ## - GENERAL NOTE | |
| General note | General Books |
| 942 ## - ADDED ENTRY ELEMENTS (KOHA) | |
| Institution code [OBSOLETE] | CAE NUST |
| Koha item type | Book |
| Call number prefix | 809.89282 DAR |
| Source of classification or shelving scheme | |
| Withdrawn status | Lost status | Damaged status | Not for loan | Collection code | Permanent Location | Current Location | Date acquired | Total Checkouts | Full call number | Barcode | Date last seen | Price effective from | Koha item type |
|---|---|---|---|---|---|---|---|---|---|---|---|---|---|
| College of Aeronautical Engineering (CAE) | College of Aeronautical Engineering (CAE) | 04/03/2017 | 809.89282 DAR | CAE86294 | 04/05/2017 | 04/05/2017 | Book |
